00549 a2200169 450000100060000002000150000604000220002110000340004324000480007724500460012530000110017136200090018265000580019194200070024995201060025699900170036263867 a8530803744 cAnchieta - Pituba aVeiga, Ilma Passos Alencastro10aProjeto político-pedagógico da escolal10aProjeto político-pedagógico da escola a192p. 0 a1998 4aPolítica da educação pública e seus problemas cBK 00104070a91.1b91.1d2023-11-21l0o379 P964p PROp17465/PITr2023-11-21 18:32:18w2023-11-21yBK c63867d63867